Letter Pair Country Pairs Quiz Stats

 Plays Quiz Updated Apr 19, 2015

Challenge
Share
Tweet
Embed
Score 0/45 Timer 10:00
4 Plays Today
Country Pair % Correct
FIFiji, Finland
90.6%
GHAfghanistan, Ghana
88%
BRBrazil, Brunei
86.2%
CUCuba, Ecuador
84.7%
IJAzerbaijan, Fiji
79.1%
KEKenya, Turkey
75.4%
RWNorway, Rwanda
74.6%
AOLaos, São Tomé and Príncipe
69.5%
KAKazakhstan, Sri Lanka
69%
HOHonduras, Lesotho
68.7%
YPCyprus, Egypt
67.1%
EIBrunei, Liechtenstein
66.1%
QUEquatorial Guinea, Mozambique
65.4%
WESweden, Zimbabwe
64.6%
EYSeychelles, Turkey
64.6%
YRKyrgyzstan, Syria
64.2%
EWNew Zealand, Papua New Guinea
64.1%
AHBahamas, Bahrain
63.6%
NYGermany, Kenya
62.9%
SSGuinea-Bissau, Russia
61.5%
GYEgypt, Kyrgyzstan
60.5%
WIMalawi, Switzerland
59.6%
SRIsrael, Sri Lanka
57%
Country Pair % Correct
VOCôte d’Ivoire, Kosovo
55.2%
OACroatia, Samoa
52.9%
LLMarshall Islands, Seychelles
51.5%
RMArmenia, Germany
50.5%
NMDenmark, Myanmar
49.1%
IMTimor-Leste, Zimbabwe
48.4%
PIEthiopia, Philippines
48.1%
LDMaldives, Moldova
47.4%
TSBotswana, St. Kitts and Nevis
46.9%
ACMacedonia, Monaco
46.9%
OCDem. Rep. of the Congo, Morocco
45.7%
RRAndorra, Sierra Leone
45.4%
SHBangladesh, Marshall Islands
45.1%
GIBelgium, Georgia
43.5%
PRCyprus, São Tomé and Príncipe
41.2%
IPPhilippines, São Tomé and Príncipe
40%
EOGeorgia, Sierra Leone
39%
UEMozambique, Venezuela
35.8%
RTNorth Korea, Portugal
32.1%
IUBelgium, Mauritius
31.8%
RLNetherlands, Switzerland
22.6%
RDCabo Verde, Jordan
18.2%

You're not logged in!

Compare scores with friends on all Sporcle quizzes.
Join for Free
OR
Log In

You Might Also Like...

Show Comments

Extras

Top Quizzes Today


Score Distribution

Your Account Isn't Verified!

In order to create a playlist on Sporcle, you need to verify the email address you used during registration. Go to your Sporcle Settings to finish the process.

Report this User

Report this user for behavior that violates our Community Guidelines.

Details: